000 00211 a2200109 4500
020 _a9781405465120
041 _aspa
100 _aGaby Goldsack
245 _aMi Padre es Fantastico
942 _cBK
952 _71
999 _c22810
_d22810